000 00856nam a22002537a 4500
003 CHAP
005 20220329135943.0
008 971013s1977 r 00010 d
010 _a44627
011 _a45599
035 _a49738
040 _cCHAP
082 _a581.1662
_bI58
110 _aINIA. México. Centro de Investigaciones Agrícolas del Noreste. Programa de Suelos
_958553
245 _aFertilizació
_b: resultados de investigación agrícola regional ciclos 1972-77
260 _aCd. Delicias, Chih. :
_bEl Instituto,
_c1977
300 _a478 p.
_b; gráfs.
590 _aBATCH-UPD
_b10
_c20130110
_lUCH01
_h1749
590 _aCONVERSION
_b10
_c20130109
_lUCH01
_h1324
650 1 4 _aFertilizantes
_xEfecto en cultivos.
_940505
901 _aBK
942 _cLIBRO
949 _a581.1662 I58
_bBC
_cLIBRO
_d33724000510699
_eLIBRO
_h73381
_i49738
_mD
_si
999 _c44627
_d44627